| 000 | 01113cam a22003495a 4500 | ||
|---|---|---|---|
| 001 | 15619012 | ||
| 005 | 20160824161230.0 | ||
| 008 | 090210s2008 enk ak 001 0 eng | ||
| 010 | _a 2009285406 | ||
| 015 |
_aGBA8D2041 _2bnb |
||
| 016 | 7 |
_a014822354 _2Uk |
|
| 020 | _a9781906403195 (pbk.) | ||
| 020 | _a1906403198 (pbk.) | ||
| 035 | _a(OCoLC)ocn276226962 | ||
| 040 |
_aUKM _cUKM _dBWKUK _dDLC |
||
| 042 | _alccopycat | ||
| 050 | 0 | 0 |
_aHG3881 _b.C598 2008 |
| 082 | 0 | 4 |
_a332.042 _222 _bCOL |
| 100 | 1 |
_aCollyer, Gary. _93473 |
|
| 245 | 1 | 0 |
_aInternational financial services / _cGary Collyer, Paul Cowdell, Peter McGregor. |
| 260 |
_aLondon : _bGlobal Professional, _c2008. |
||
| 300 |
_axvi, 394 p. : _bill., forms ; _c24 cm. |
||
| 500 | _aFormerly published as International trade finance. | ||
| 500 | _aIncludes Index. | ||
| 500 | _aIncludes index. | ||
| 650 | 0 |
_aFinancial services industry. _93475 |
|
| 650 | 0 |
_93474 _aInternational finance |
|
| 700 | 1 |
_aCowdell, Paul. _93476 |
|
| 700 | 1 |
_aMcGregor, Peter. _93477 |
|
| 942 |
_2ddc _cBB |
||
| 999 |
_c11251 _d11251 |
||